Stochastic models in Biology

Uloženo v:
Podrobná bibliografie
Hlavní autoři: Goel, Narendras S (Autor), Richter-Dyn, Nira (Autor)
Médium: Kniha
Jazyk:angličtina
Vydáno: Nueva York Academic Press 1974
Témata:
Tagy: Přidat tag
Žádné tagy, Buďte první, kdo vytvoří štítek k tomuto záznamu!

MARC

LEADER 00000cam a2200000 a 4500
001 UCF4625
003 CL-VaPUC
008 121213e19740000US |||||||||||||||||eng|d
020 |a 0122874609 
082 0 4 |a 570.15195  |b GOE  |2 21 
100 0 |a Goel, Narendras S  |e author  |9 566184 
700 0 |a Richter-Dyn, Nira  |e author  |9 566185 
245 1 0 |a Stochastic models in Biology 
300 |a 269 p 
942 |c BK 
945 |d 20121213 00:00:00  |a dcastane 
260 |a Nueva York  |b Academic Press  |c 1974 
650 7 |a BIOMATEMATICAS  |2 CL-VaPUC  |9 260148 
650 0 |a Modelos matemáticos   |9 259437 
650 0 |a Modelos Estocasticos  |9 384810 
650 0 |a Procesos estocásticos   |9 260364 
583 |a last modification  |c 20121213 11:07:00  |k Rodrigo Vera 
999 |c 350381  |d 350379 
952 |0 0  |1 0  |4 0  |6 570_151950000000000_GOE_1974  |7 0  |8 A  |9 453666  |a BIBMAT  |b BIBMAT  |d 2019-11-22  |i 4918797  |o 570.15195 GOE 1974  |p 4918797  |r 2025-01-07  |w 2019-11-22  |y BK  |k MAT